Pokémon Go: Strongest Pokémon by Damage Output - Statistics

General Stats
  • This quiz has been taken 93 times
    31 since last reset
  • The average score is 19 of 30
Answer Stats
DPS Pokémon Moveset Type Region % Correct
20.918 Mewtwo Confusion / Psystrike Psychic Kanto
100%
17.983 Metagross Bullet Punch / Meteor Mash Steel / Psychic Hoenn
80%
18.68 Rayquaza Dragon Tail / Outrage Dragon / Flying Hoenn
80%
18.075 Reshiram Fire Fang / Overheat Dragon / Fire Unova
80%
17.975 Zekrom Dragon Breath / Wild Charge Dragon / Electric Unova
76%
18.621 Lucario Counter / Aura Sphere Fighting / Steel Sinnoh
72%
17.361 Moltres Fire Spin / Sky Attack Fire / Flying Kanto
72%
17.91 Palkia Dragon Tail / Draco Meteor Water / Dragon Sinnoh
72%
18.271 Salamence Dragon Tail / Outrage Dragon / Flying Hoenn
72%
18.109 Gengar Lick / Shadow Ball Ghost / Poison Kanto
68%
17.521 Alakazam Confusion / Psychic Psychic Kanto
64%
20.374 Kartana Razor Leaf / Leaf Blade Grass / Steel Alola
64%
17.97 Regigigas Zen Headbutt / Giga Impact Normal Sinnoh
64%
19.461 Terrakion Double Kick / Sacred Sword Rock / Fighting Unova
64%
17.505 Blaziken Counter / Blast Burn Fire / Fighting Hoenn
60%
17.53 Hydreigon Bite / Brutal Swing Dark / Dragon Unova
60%
20.468 Pheromosa Bug Bite / Bug Puzz Bug / Fighting Alola
60%
17.596 Zapdos Counter / Brave Bird Fighting / Flying Galar
60%
18.372 Chandelure Fire Spin / Shadow Ball Fire / Ghost Unova
56%
18.098 Honchkrow Snarl / Sky Attack Dark / Flying Sinnoh
56%
17.927 Thundurus (Therian) Volt Switch / Thunderbolt Elecric / Flying Unova
56%
21.856 Deoxys (Attack) Zen Headbutt / Dark Pulse Psychic Hoenn
52%
18.515 Deoxys (Normal) Zen Headbutt / Thunderbolt Psychic Hoenn
52%
19.884 Xurkitree Thunder Shock / Discharge Electric Alola
52%
17.751 Haxorus Dragon Tail / Dragon Claw Dragon Unova
48%
17.648 Hoopa (Confined) Confusion / Shadow Ball Psychic / Ghost Kalos
48%
19.952 Hoopa (Unbound) Confusion / Psychic Psychic / Dark Kalos
48%
18.413 Rampardos Smack Down / Rock Slide Rock Sinnoh
44%
17.742 Darmanitan Fire Fang / Overheat Fire Unova
36%
17.446 Darmanitan Ice Fang / Avalanche Ice Galar
36%
No matching quizzes found
Score Distribution
Percent of People with Each Score
Percentile by Number Answered
Your Score History
You have not taken this quiz since the last reset